Conflictos de interš del socio Cese del administrador nombrado por accionista competidor /

Detalles Bibliográficos
Autor principal: Iraculis Arregui, Nerea
Formato: eBook
Lenguaje:español
Publicado: Madrid: Marcial Pons, 2013
Materias:
Acceso en línea:Acceso restringido

MARC

LEADER 00000nam a22000007a 4500
005 20220413233115.0
007 cr|||| |||
008 220413s2013 es |||||s|||| 00||0 spa d
020 |a 978-84-1381-203-8 
035 |a 33625 
040 |a vLex 
090 |c 13184  |d 13184 
100 1 |a Iraculis Arregui, Nerea 
245 1 0 |a Conflictos de interš del socio  |h [Recurso electrn̤ico] :  |b Cese del administrador nombrado por accionista competidor /  |c Nerea Iraculis Arregui 
256 |a Servicio en ln̕ea 
260 |a Madrid:  |b Marcial Pons,  |c 2013 
300 |a 1 recurso electrn̤ico 
500 |a El conflicto de intereses resulta inherente a la relacin̤ de administracin̤ de sociedades. Se proyecta en el ejercicio de la actividad gestora, en la que existe una obligacin̤ de actuar por cuenta e interš ajeno, situando el riesgo de aprovechamiento por parte del administrador entre los principales aspectos objeto de estudio. Cabra̕ pensar que el elemento subjetivo que singulariza el conflicto es el administrador interesado. Pero no es as.̕ Resulta necesario destacar la proyeccin̤ que el conflicto de intereses despliega cuando es un socio quien se encuentra envuelto en dicha situacin̤. Especial interš plantea el ejercicio del derecho de representacin̤ proporcional por un accionista competidor y su determinacin̤ como circunstancia que evita el acceso al r̤gano de administracin̤ de la sociedad de consejeros as ̕nombrados. Esta monografa̕ estudia la destitucin̤ del administrador en conflicto de intereses, no por incurrir ľ directamente en un conflicto de intereses con la sociedad, sino porque esa situacin̤ existe entre el accionista que lo nombra y la sociedad en la que pretende desempeąr el cargo de consejero. La idoneidad del cese del consejero de la sociedad competidora requiere la delimitacin̤ del concepto de ±sociedad competidora», y la valoracin̤ de la situacin̤ de competencia en atencin̤ al interš de la sociedad en cuyo consejo de administracin̤ quiere participar la competidora. El interš social limita la actuacin̤ del socio, concretando la situacin̤ de conflicto. Su proteccin̤ es la finalidad de la norma y se ubica en el art. 224.2 LSC, donde prevalece el interš social sobre el interš particular del accionista competidor. 
506 1 |a Disponible solo en los productos indicados  |d vLex Global  |d vLex Global (Academic Edition, excluding Law Schools)  |d vLex Global (U.S. Academic Edition, Law Schools)  |d vLex Global (U.S. Academic Edition, excluding Law Schools)  |d vLex Global (Academic Edition, Law Schools) 
650 0 4 |a Derecho Mercantil y de la Empresa  |z Espaą 
650 0 4 |a Sociedades  |z Espaą 
740 0 |a vLex Libros (Servicio en ln̕ea) 
856 4 0 |u https://app.vlex.com/#/sources/33625  |z Acceso restringido 
942 |c BOOK 
999 0 |a Commercial and Company Law 
999 0 |a Companies